| 000 | 00606nac a22001931u 4500 | ||
|---|---|---|---|
| 020 | _a9812542647 | ||
| 082 |
_a332 _bG9818 |
||
| 090 |
_c1131 _d1131 |
||
| 100 | _aGurusamy, S. | ||
| 245 |
_aFinancial markets and institutions / _cS. Gurusamy. |
||
| 250 | _a1st ed. | ||
| 260 |
_aAustralia : _bThomson Learning; _cc2004. |
||
| 300 |
_a680 p. : _c24 cm. |
||
| 500 | _aIncludes index. | ||
| 650 | _aFinance. | ||
| 650 | _aFinancial institutions. | ||
| 942 |
_cBB _k332G9818 |
||
| 999 |
_c1131 _d1131 |
||